000 00646nam a22001937a 4500
999 _c14430
_d14430
003 AR-CdUCM
008 190423b ||||| |||| 00| 0 spa d
020 _a978-607-16-1965-5
040 _aMUNICIPALIDAD PROVINCIAL DEL CUSCO
_cBIBLIOTECA MUNICIPAL DEL CUSCO
082 _aPI / 808.06 /
_bH87
100 _aHuerta, Efraín
_933197
245 _aEl gran cocodrilo :
_bEn treinta poemínimos /
260 _aMéxico :
_bFondo de cultura económica,
_c2014.
300 _c21 cm.
_a79 páginas ;
505 _aContenido :El gran cocodrilo en treinta poemínimos ...
650 _aCuentos
_9217
942 _2ddc
_cLIBROS
945 _arum
_d2019-04-23